Регионална библиотека "Любен Каравелов" - Русе

Събрани съчинения (Запис номер 160940)

MARC детайли
000 -Лидер
Контролно поле с фиксирана дължина 01756nam a2200349 c 4500
003 - Код на организацията, давaща контролен номер
Контролно поле BLK
005 - Дата и час на последна редакция
Контролно поле 20180422113740.0
008 - Елементи от данни с фиксирана дължина
fixed length control field 180410b bul|||||r ||||||| ||bul||
010 ## - Наследен системен номер
LC control number KNG00168232000
040 ## - Източник на каталожния запис
Идентификатор на билиотеката - собственик на записа BLK
041 ## - Код за език
Код за езика на текст/звукозапис или на отделно заглавие Български
Код за езика КДБФ Български
080 ## - УДК
Текстов определител УДК Марксизъм-ленинизъм. Научен комунизъм
УДК код - определител по УДК 141.82
УДК определител (081.1)
УДК - код + определител 141.82(081.1)
100 1# - Редна дума - Автор
Автор Ленин, Владимир Илич
Авторска отговорност първи автор
R(LIN) 364996
139 ## - Редно поле
Редна дума Ленин, Владимир Илич
Авторски знак Лен - Л 45
245 10 - Сведения за заглавието
Заглавие Събрани съчинения
Подзаглавни данни В 55 т. За том: Юни - ноем. 1921 г.
Редно поле (дума) Владимир Илич Ленин.
Том Т. 53
Заглавие на том Писма
250 ## - Област на изданието
Сведения за изданието 2. изд.
257 ## - Страна на издаване
Страна на създаване/издаване Русия
260 ## - Област на издателските данни
-- София
Име на издателя, разпространителя и проч. Партиздат
Година на издаване 1979 -
Печатница София : Д. Благоев
300 ## - Физическа характеристика
Размери/Мащаб 21 см
380 ## - Жанр
Жанр Философия
500 ## - Общи забележки
Забележка Ориг. загл. Полное собрание сочинений.
650 #4 - Допълнително описание по предмет – тема
Основно описание – тема или топоним Научен комунизъм
9 (RLIN) 253121
650 #4 - Допълнително описание по предмет – тема
Основно описание – тема или топоним Марксизъм-ленинизъм - философия
9 (RLIN) 277200
653 ## - Ключова дума – ненормативна
Ключова дума научен комунизъм
653 ## - Ключова дума – ненормативна
Ключова дума ленинизъм
760 1# - Описание на основната серия
Редна дума на основното описание Ленин, Владимир Илич
Издание 2. изд.
Място на издаване, издател и година 1983
Страници - том XIV, 554 с. : с факс., 3 л. : ил., портр., факс.
Забележка - том Съдържа и Списък на на писмата на В. И. Ленин, включени в излезлите досега томове на настоящето изд. ; Списък на неиздирените досега писма на В. И. Ленин. - Показалци.
Заглавие Т. 53 Писма
852 ## - Местоположение
Форматна сигнатура Цб 100778
856 4# - Електронен адрес и достъп
Електронен формат pdf - файл
Път до файла /url/
856 4# - Електронен адрес и достъп
Електронен формат pdf - файл
Път до файла /url/
942 ## - АРТИКУЛИ
Вид на библиотечния материал Книги
Скрит в OPAC Не
944 ## - СЪЗДАВАНЕ И РЕДАКЦИЯ на ЗАПИСА
Създаване/Редакция Създаване
Дата на регистрацията/редакция 03.12.2014
Служител, извършил регистрацията/редакцията Милена_Ачева
944 ## - СЪЗДАВАНЕ И РЕДАКЦИЯ на ЗАПИСА
Създаване/Редакция Редакция
Дата на регистрацията/редакция 03.12.2014
Служител, извършил регистрацията/редакцията Милена_Ачева
999 ## - СИСТЕМНИ КОНТРОЛНИ НОМЕРА
Koha biblionumber 160940
Koha biblioitemnumber 160940
Наличности
Код за отписване Код за изгубен артикул Източник на класификационната схема Код за повреда Коз за рестрикции Код за отдаване Артикулен № Име на библиотеката - собственик Име на библиотеката, в която се намира в момента Статус (Текущо местоположение) Дата на вписване в системата Местоположение - отдел Цена в лева Инвентарен номер Систематично азбучна сигнатура Баркод Номер на екземпляра Цена в евро Служебна бележка Служебен тип на артикула
  Не е изгубен Universal Decimal Classification Не е повреден само за читалня ползва се в читалня 269046 Регионална библиотека "Любен Каравелов" Русе Регионална библиотека "Любен Каравелов" Русе Хранилище 1983-01-01 Хранилище 1.60 387201 Цб 100778 120000387201 1 0.82 Дост: Dp Вид: Д N: стар фонд Дата: 01.01.1983 Книги
Изтеглен Не е изгубен Universal Decimal Classification Не е повреден без рестрикции заемане за дома 269047 Регионална библиотека "Любен Каравелов" Русе Регионална библиотека "Любен Каравелов" Русе Заемна - подръчен фонд 1983-01-01 Заемна - подръчен фонд 1.60 387828 П 141.8/Л 45 387828 2 0.82 Дост: Pk Вид: Сф N: стар фонд Дата: 01.01.1983 Дата инв: 19.02.2018 Бележки инв: П2018 Книги
Vip Innovations Ltd, Rousse, Bulgaria 2025